| 000 | 01223cam a2200373 i 4500 | ||
|---|---|---|---|
| 001 | 45433 | ||
| 003 | KOSZ 005 | ||
| 005 | 20240405063149.0 | ||
| 008 | 050204s2004 pl f f |000 0 pol | ||
| 020 | _a8301141638 | ||
| 040 |
_cKOSZ 005 _aKOSZ 005 _dKOSZ 005/HR |
||
| 041 | 0 | _apol | |
| 080 | _a336.1(438)"1989/..." | ||
| 080 | _a(075.8) | ||
| 100 | 1 |
_aOwsiak, Stanisław _d(1946- ) _eAutor |
|
| 245 | 1 | 0 |
_aFinanse publiczne : _bteoria i praktyka / _cStanisław Owsiak. |
| 250 | _aWyd. 2 uaktual. (dodr. 5). | ||
| 260 |
_aWarszawa : _bWydawnictwo Naukowe PWN, _c2004. |
||
| 300 |
_a560, [2] s. : _bwykr. ; _c24 cm. |
||
| 336 |
_2rdacontent _aTekst _btxt |
||
| 337 |
_2rdamedia _aBez urządzenia pośredniczącego _bn |
||
| 338 |
_2rdacarrier _aWolumin _bnc |
||
| 380 | _aKsiążki | ||
| 388 | _a2001- | ||
| 504 | _aBibliogr. s. 529-533. | ||
| 648 | 7 | _a1901-2000 | |
| 648 | 7 | _a1989-2000 | |
| 650 | 4 | _aFinanse publiczne | |
| 651 | _aPolska | ||
| 655 | 4 | _aPodręczniki akademickie | |
| 710 | 2 |
_aWydawnictwo Naukowe PWN _4pbl. |
|
| 856 |
_uhttp://koha.tu.koszalin.pl/cgi-bin/koha/opac-detail.pl?biblionumber=45433 _yKatalog online BPK |
||
| 942 |
_cKS _2UKD |
||
| 999 |
_c45433 _d45433 |
||